000 00688nam a2200205 i 4500
001 167787
003 ES-MaACL
005 20250805062551.0
008 050928s1824 fr |||| | fre d
100 0 _aVoltaire,
_d1694-1778
_9115721
245 1 0 _aPolitique et législation /
_cde Voltaire.
260 _aParis :
_bP. Dupont,
_c1824 (
_fImp. de Gaultier-Laguionie)
300 _a2 v. (572 ; 620 p.) ;
_c21 cm.
490 1 _aOeuvres complètes de Voltaire ;
_v28-29
650 4 _aPolítica-
_xFilosofía
_916274
700 1 _aDupont, Paul.
_946109
830 0 _aOeuvres complètes de Voltaire ;
_v28-29
_9188721
852 _aES-MaACL
_jF-7548-49
_z- Enc. hol.
999 _c167787
_d167787